01385nam a2200253 a 450000100100000000500170001000800410002702000180006804000250008608200210011110000420013224501160017426000620029030000210035249000330037359000260040683000400043295201330047295201330060595201330073895201190087195201240099099900170111400004465020240302073953.0141211s2014 dr 000 0 spa d a9789945891218 aDO-SdBNPbspacBNPHU axxxxxxxbxxxxxxx1 aRosario Candelier, Bruno,d1941-985113aEl Lenguaje del Buen Decir :bconsultas y entrevistas lingüísticas y literarias /cBruno Rosario Candelier. aSanto Domingo :bAcademia Dominicana de la Lengua,c2014. a341 p. ;c23 cm.1 aEstudios Lingüísticosv7 aInventariado, 2020/BT 0aEstudios Lingüísticosn7972667 001054708DSaGRbGRcHDd2015-07-23iLF1l0oxxxxxxx xxxxxxxp44650-30r2020-06-25te.3w2020-06-25yLFDSZPréstamo en sala 001054708DSaGRbGRcHDd2015-07-23iLF1l0oxxxxxxx xxxxxxxp44650-40r2020-06-25te.4w2020-06-25yLFDSZPréstamo en sala 001054708DSaGRbGRcHDd2019-04-30iLF1l0oxxxxxxx xxxxxxxp44650-50r2020-06-25te.5w2020-06-25yLFDSZPréstamo en sala 0010718PDaPDbPDcHDd2014-12-11iLF1l0oxxxxxxx xxxxxxxp44650-10r2020-06-25w2020-06-25yLFPDZNo se presta 0010718PDaPDbPDcHDd2015-07-23iLF1l0oxxxxxxx xxxxxxxp44650-20r2020-06-25te.2w2020-06-25yLFPDZNo se presta c44139d44139